| Tag |
First Indicator |
Second Indicator |
Subfields |
| LEADER |
00000cam a2200000 i 4500 |
| 001 |
in00004815321 |
| 008 |
930729s1994 vraa b f000 0 eng |
| 005 |
20240808153258.5 |
| 035 |
|
|
|a (OCoLC)ocm38339987
|
| 040 |
|
|
|a AUT
|b eng
|e rda
|c AUT
|d SCA
|d NYP
|d CUY
|d GBVCP
|d OCLCF
|d OCLCQ
|d OCLCO
|d UKMGB
|d OCLCA
|d WURST
|d OCLCO
|
| 016 |
7 |
|
|a 006247126
|2 Uk
|
| 019 |
|
|
|a 31000053
|a 988668241
|
| 020 |
|
|
|a 064305247X
|
| 020 |
|
|
|a 9780643052475
|
| 029 |
1 |
|
|a AU@
|b 000010250389
|
| 029 |
1 |
|
|a GBVCP
|b 183678079
|
| 029 |
1 |
|
|a NLGGC
|b 185978347
|
| 029 |
1 |
|
|a NZ1
|b 4393673
|
| 029 |
1 |
|
|a UKMGB
|b 006247126
|
| 035 |
|
|
|a (OCoLC)38339987
|z (OCoLC)31000053
|z (OCoLC)988668241
|
| 050 |
|
4 |
|a TD881
|b .L3 1994
|
| 082 |
0 |
4 |
|a 628.53015118
|2 20
|
| 084 |
|
|
|a 38.03
|2 bcl
|
| 084 |
|
|
|a 38.81
|2 bcl
|
| 084 |
|
|
|a 43.03
|2 bcl
|
| 049 |
|
|
|a MAIN
|
| 245 |
0 |
0 |
|a LADM :
|b a Lagrangian atmospheric dispersion model /
|c W.L. Physick [and others].
|
| 264 |
|
1 |
|a [Melbourne] :
|b CSIRO,
|c 1994.
|
| 300 |
|
|
|a 137 pages :
|b illustrations ;
|c 25 cm.
|
| 336 |
|
|
|a text
|b txt
|2 rdacontent
|
| 337 |
|
|
|a unmediated
|b n
|2 rdamedia
|
| 338 |
|
|
|a volume
|b nc
|2 rdacarrier
|
| 490 |
1 |
|
|a CSIRO Division of Atmospheric Research technical paper ;
|v no. 24
|
| 504 |
|
|
|a Includes bibliographical references (pages 106-110).
|
| 540 |
|
|
|a Current Copyright Fee: GBP20.00
|c 0.
|5 Uk
|
| 590 |
|
|
|b TAG Physical Holdings 2
|
| 650 |
|
0 |
|a Air
|x Pollution
|x Mathematical models.
|
| 650 |
|
0 |
|a Atmospheric diffusion
|x Mathematical models.
|
| 650 |
|
6 |
|a Diffusion atmosphérique
|x Modèles mathématiques.
|
| 650 |
|
7 |
|a Air
|x Pollution
|x Mathematical models.
|2 fast
|0 (OCoLC)fst00802125
|
| 650 |
|
7 |
|a Atmospheric diffusion
|x Mathematical models.
|2 fast
|0 (OCoLC)fst00820421
|
| 653 |
0 |
0 |
|a atmosfeer
|
| 653 |
0 |
0 |
|a atmosphere
|
| 653 |
0 |
0 |
|a aerosols
|
| 653 |
0 |
0 |
|a samenstelling
|
| 653 |
0 |
0 |
|a composition
|
| 653 |
0 |
0 |
|a stof
|
| 653 |
0 |
0 |
|a dust
|
| 653 |
0 |
0 |
|a luchtverontreiniging
|
| 653 |
0 |
0 |
|a air pollution
|
| 653 |
0 |
0 |
|a luchtkwaliteit
|
| 653 |
0 |
0 |
|a air quality
|
| 653 |
0 |
0 |
|a kleinste kwadraten
|
| 653 |
0 |
0 |
|a least squares
|
| 653 |
0 |
0 |
|a wiskundige modellen
|
| 653 |
0 |
0 |
|a mathematical models
|
| 653 |
0 |
0 |
|a onderzoek
|
| 653 |
0 |
0 |
|a research
|
| 653 |
0 |
0 |
|a computersimulatie
|
| 653 |
0 |
0 |
|a computer simulation
|
| 653 |
0 |
0 |
|a simulatie
|
| 653 |
0 |
0 |
|a simulation
|
| 653 |
0 |
0 |
|a simulatiemodellen
|
| 653 |
0 |
0 |
|a simulation models
|
| 653 |
0 |
0 |
|a numerieke methoden
|
| 653 |
0 |
0 |
|a numerical methods
|
| 653 |
0 |
0 |
|a interpolatie
|
| 653 |
0 |
0 |
|a interpolation
|
| 653 |
1 |
0 |
|a Air Pollution
|
| 653 |
2 |
0 |
|a Meteorology (General)
|
| 653 |
1 |
0 |
|a Luchtverontreiniging
|
| 653 |
2 |
0 |
|a Meteorologie (algemeen)
|
| 700 |
1 |
|
|a Physick, William Lloyd.
|
| 710 |
2 |
|
|a CSIRO (Australia).
|b Division of Atmospheric Research.
|
| 776 |
0 |
8 |
|i Online version:
|t LADM.
|d [Melbourne] : CSIRO, 1994
|w (OCoLC)621184978
|
| 830 |
|
0 |
|a Division of Atmospheric Research technical paper ;
|v no. 24.
|0 http://id.loc.gov/authorities/names/n84707264
|
| 994 |
|
|
|a 92
|b TAG
|
| 852 |
|
|
|a TAG
|b TAGC
|c galv,stk
|h TD881 .L3
|t c.1
|x mam
|
| 876 |
|
|
|c 15.00
|p 33620000746939
|x ACC# 95-0712
|v unmediated -- volume
|
| 999 |
f |
f |
|s 6470dbdb-f70a-4340-a9e3-26a82770c245
|i bab96eac-78bf-48a4-850d-7333389cf189
|t 0
|
| 952 |
f |
f |
|p normal
|a Texas A&M University
|b Galveston Campus
|c Jack K. Williams Library
|d Galveston Stacks
|t 0
|e TD881 .L3
|h Library of Congress classification
|i unmediated -- volume
|m 33620000746939
|
| 998 |
f |
f |
|a TD881 .L3
|t 0
|l Galveston Stacks
|